| 000 | 00514nam a22001937a 4500 | ||
|---|---|---|---|
| 003 | MPLRDC | ||
| 005 | 20220105061153.0 | ||
| 008 | 210129b ||||| |||| 00| 0 eng d | ||
| 020 | _a978-986-272-542-9 | ||
| 082 | _a225.7 YXCS-6 | ||
| 100 | _a一行禅师 | ||
| 245 |
_a谛听与爱语 _c |
||
| 250 | _a初版 | ||
| 260 |
_a台湾 _b商周出版,城邦文化事业股份有限公司 _c2014 |
||
| 300 | _b平 | ||
| 520 | _a新书上架 2018-09-16。 | ||
| 650 | _a佛教--修持 | ||
| 942 |
_cBK _o225.7 YXCS-6 |
||
| 999 |
_c69866 _d69856 |
||